Vista normal
Vista MARC
- Discriminación en los seguros
Entrada Materia
Número de registros utilizados en: 2
001 - NÚMERO DE CONTROL
- campo de control: 236
003 - IDENTIFICADOR DEL NÚMERO DE CONTROL
- campo de control: ES-MaFIAP
005 - FECHA Y HORA DE LA ÚLTIMA TRANSACCIÓN
- campo de control: 20220920111530.0
008 - DATOS DE LONGITUD FIJA
- campo de control de longitud fija: 220920|| aca||aabn | a|a d
040 ## - FUENTE DE LA CATALOGACIÓN
- Centro catalogador/agencia de origen: ES-MaFIAP
- Centro/agencia transcriptor: ES-MaFIAP
150 ## - ENCABEZAMIENTO--TÉRMINO DE MATERIA
- Término de materia o nombre geográfico como elemento de entrada: Discriminación en los seguros
- Subdivisión geográfica: España
670 ## - FUENTE DE DATOS ENCONTRADOS
- Cita de la fuente: Work cat.: (ES-MaFIAP)77: La discriminación por razones de discapacidad en la contratación de seguros [Texto impreso] /, 2004





